McMinn and Abrahams; clinical atlas of human anatomy. ( 7th ed.) (Record no. 31999)

MARC details
000 -LEADER
fixed length control field 00820nam a2200205 a 4500
008 - FIXED-LENGTH DATA ELEMENTS--GENERAL INFORMATION
fixed length control field 170322s2013 ||||||||||||||||| || u
020 ## - INTERNATIONAL STANDARD BOOK NUMBER
International Standard Book Number 9780723436980
050 ## - LIBRARY OF CONGRESS CALL NUMBER
Classification number QM 25 Abr
100 ## - MAIN ENTRY--PERSONAL NAME
Personal name Spratt, Jonathan D
245 10 - TITLE STATEMENT
Title McMinn and Abrahams; clinical atlas of human anatomy. ( 7th ed.)
Statement of responsibility, etc. By Peter H. Abrahams, Jonathan D. Spratt, Marios Looukas [and] Albert N. Van Schoor
250 ## - EDITION STATEMENT
Edition statement 7th ed.
260 ## - PUBLICATION, DISTRIBUTION, ETC.
Place of publication, distribution, etc. China
Name of publisher, distributor, etc. Mosby Elsevier
Date of publication, distribution, etc. 2013
300 ## - PHYSICAL DESCRIPTION
Extent x, 387p.: ill.
350 ## -
-- 21.00
650 ## - SUBJECT ADDED ENTRY--TOPICAL TERM
Topical term or geographic name entry element HUMAN ANATOMY--NOMENCLATURE
650 ## - SUBJECT ADDED ENTRY--TOPICAL TERM
Topical term or geographic name entry element ANATOMY--ATLASES
700 ## - ADDED ENTRY--PERSONAL NAME
Personal name Abrahams, Peter H
700 ## - ADDED ENTRY--PERSONAL NAME
Personal name Loukas, Marios
995 ## -
-- MICHAEL CHILUFYA SATA OPEN ACCESS
-- 903760
-- CBU-SCHOOL OF MEDICINE LIBRARY (Ndola)
-- 21.00
-- QM 25 Abr
-- 1
-- AVAILABLE
-- Mar 22, 2017
-- 903760
-- Medical Library Open Access Collection
999 ## -
-- 31999
-- 31999
Holdings
Withdrawn status Lost status Source of classification or shelving scheme Damaged status Not for loan Permanent Location Current Location Shelving location Date acquired Total Checkouts Full call number Barcode Date last seen Date last checked out Price effective from Koha item type
          CBU-SCHOOL OF MEDICINE LIBRARY, NDOLA. CBU-SCHOOL OF MEDICINE LIBRARY, NDOLA.   11/30/2022 1 QM 25 Abr 903760 07/23/2025 07/04/2025 11/30/2022 MONOGRAPH